000 00592nam a2200229Ia 4500
001 3074
003 GE_BSU
008 181216s||||||||xx |||||||||||||| ||und||
040 _cGE_BSU
080 _a665(075.32)
100 _aШашкин,П.И
245 _aРегенерация отработанных нефтяных масел
245 _cРед.К.Ф.Клейманова
250 _aИзд 2-ое.Перераб.и доп.
260 _aМ
260 _bХимия
260 _c1970
300 _a304 стр.
300 _c22см
653 _aХимия
942 _cBK
999 _c37118
_d37118